| 000 | 00409cam a22001097a 4500 | ||
|---|---|---|---|
| 008 | 180718b1957 xxu||||| |||| 00| 0 eng d | ||
| 082 | _aI5011x5411 As72Q | ||
| 245 |
_aQuestionnaire for the inspection of offices of deputy commissioners and subdivisional officers _cby Appointment Department, Assam |
||
| 260 |
_aShillong _bAppointment Department _c1957 |
||
| 300 | _av.p. | ||
| 700 | _aAssam. Appointment Department | ||
| 999 |
_c397885 _d397885 |
||